书目信息 |
| 题名: |
常用计算工具的使用方法
|
|
| 作者: | ;天津市财经学校 编 | |
| 分册: | ||
| 出版信息: | 天津 天津人民出版社 1973 |
|
| 页数: | 116页 | |
| 开本: | 19cm | |
| 丛书名: | ||
| 单 册: | ||
| 中图分类: | O1-8 | |
| 科图分类: | ||
| 主题词: | 计算工具 | |
| 电子资源: | ||
| ISBN: | ||
| 000 | 00605nam0 2200205 45 | |
| 001 | 0405201056 | |
| 005 | 20060411164140.79 | |
| 010 | @dCNY0.24 | |
| 091 | @a15027.17 | |
| 100 | @a20040520d1973 km y0chiy0120 ea | |
| 101 | 0 | @achi |
| 105 | @a z 000yy | |
| 200 | 1 | @a常用计算工具的使用方法@AChang Yong Ji Suan Gong Ju De Shi Yong Fang Fa@f天津市财经学校编@FTian Jin Shi Cai Jing Xue Xiao Bian |
| 210 | @a天津@c天津人民出版社@d1973 | |
| 215 | @a116页@d19cm | |
| 606 | 0 | @a计算工具 |
| 690 | @aO1-8@v3 | |
| 711 | 02 | @a天津市财经学校@4编 |
| 801 | @aCN@bPftUser@c20060411 | |
| 905 | @f3@b8448-450@dO1-8@e256 | |
| 常用计算工具的使用方法/天津市财经学校编.-天津:天津人民出版社,1973 |
| 116页;19cm |
| ISBN :CNY0.24 |
| ● |
| 相关链接 |
|
|
|
|
正题名:常用计算工具的使用方法
索取号:O1-8/256
 
预约/预借
| 序号 | 登录号 | 条形码 | 馆藏地/架位号 | 状态 | 备注 |
| 1 | 0008448 | 001245236 | 第三借阅区/ [索取号:O1-8/256] | 在馆 | |
| 2 | 0008449 | 001245174 | 第三借阅区/ [索取号:O1-8/256] | 在馆 | |
| 3 | 0008450 | 001245227 | 第三借阅区/ [索取号:O1-8/256] | 在馆 | |
| 4 | 0017919 | 001245209 | 密集书库/ [索取号:O1-8/256] | 在馆 |